Les femmes remarquables 3 - Statistiques

Statistiques générales
  • Ce quiz a été pris 12 fois
  • Le résultat moyen est 3 sur 25
Statistiques - réponses
Hint Explanation Réponse % Correct
Marguerite Yourcenar France - 1903-1987 1ère à entrer à l'Académie française
82%
Florence Arthaud France - 1957-2015 1ère à gagner la Route du Rhum
64%
Alexandra David-Néel France - 1868-1969 1ère femme à atteindre Lhassa
45%
Eugénie Brazier France - 1895-1977 Ex-aequo 1ère cuisinière 3* Michelin
36%
Caroline Aigle France - 1974-2007 1ère pilote de combat française
27%
Christine de Pizan Italie - 1364-1430 1ère philosophe
18%
Kathryn Bigelow Etats-Unis - 1951 1ère réalisatrice à recevoir un Oscar
18%
Ingrid Christensen Norvège - 1891-1976 1ère femme en Antarctique
9%
Berthe Bertsch France - 1904-1988 1ère pasteur luthérienne
9%
Adena Friedman Etats-Unis - 1969 1ère à diriger un groupe boursier (NASDAQ)
0%
Signe Hornborg Finlande - 1862-1916 1ère architecte en Europe
0%
Marie-Angélique Duchemin France - 1772-1859 1ère à recevoir la Légion d'honneur
0%
Nadine Picquet France - 1959 1ère directrice d'une prison pour hommes en France
0%
Rose Flanders Bascom Etats-Unis - 1880-1915 1ère dompteuse de lions
0%
Virginie Boissière France - 1976 1ère femme de la patrouille de France
0%
Michelle Howard Etats-Unis - 1960 1ère femme officier général de la marine américaine
0%
Marie-Perrine Durand France - 1851-1933 1ère gardienne de phare en France
0%
Genviève Robida France - 1918-2018 1ère inspectrice d'académie en France
0%
Marie Vernet France - 1825-1898 1ère mannequin professionnelle
0%
Valérie André France - 1922 1ère officier général en France
0%
Joyce Bennett Royaume-Uni 1923-2015 1ère prêtresse anglicane
0%
Pauline Bebe France - 1965 1ère rabbin en France
0%
Estelle Touzet France - 1981 1ère sommelière d'un 3*
0%
Emma Nutt Etats-Unis 1860-1915 1ère téléphoniste
0%
Marie Bourgeois France - 1870-1937 Ex-aequo 1ère cuisinière 3* Michelin
0%
Aucun quiz correspondant
Distribution des résultats
% des personnes avec chaque résultat
Percentile par nombre de réponses
Votre historique - résultats
Vous n’avez pas pris ce quiz